4 Regions of Oceania Click Quiz - Statistics

General Stats
  • This quiz has been taken 180 times
  • The average score is 10 of 20
Answer Stats
Hint Answer % Correct
Australia Australasia
81%
Federated States of Micronesia Micronesia
80%
French Polynesia Polynesia
78%
Hawaii Polynesia
69%
Marshall Islands Micronesia
59%
Vanuatu Melanesia
56%
Vanuatu Melanesia
52%
Mariana Islands Micronesia
51%
Palau Micronesia
51%
Solomon Islands Melanesia
50%
Tonga Polynesia
49%
Papua New Guinea Melanesia
46%
Tokelau Polynesia
45%
Nauru Micronesia
44%
New Caledonia Melanesia
43%
Indonesian part of New Guinea Melanesia
38%
Tuvalu Polynesia
34%
Fiji Melanesia
31%
Kiribati Micronesia
27%
Torres Strait Islands Melanesia
22%
No matching quizzes found
Score Distribution
Percent of People with Each Score
Percentile by Number Answered
Your Score History
You have not taken this quiz